000
00326nam a22001457a 4500
008
210225b ||||| |||| 00| 0 eng d
020
_a
304520203307116
041
_a
eng
080
_2
9th
_a
721.053
082
_a
721.053
100
_a
62
101
_a
AUD
245
_a
Contemporary Auditing
_c
Knapp, M.C
942
_2
udc
_c
BK
999
_c
55235
_d
55235